书目信息 |
| 题名: |
食品原料学
|
|
| 作者: | 徐幸莲 , 彭增起 , 邓尚贵 主编 | |
| 分册: | ||
| 出版信息: | 北京 中国计量出版社 2006 |
|
| 页数: | 480页 | |
| 开本: | 26cm | |
| 丛书名: | ||
| 单 册: | ||
| 中图分类: | TS202.1 | |
| 科图分类: | ||
| 主题词: | 食品--原料--高等学校--教材 | |
| 电子资源: | ||
| ISBN: | 978-7-5026-2551-1 | |
| 000 | 00973nam0 2200265 450- | |
| 001 | 0101359220 | |
| 005 | 20130307154606.0 | |
| 010 | @a978-7-5026-2551-1@dCNY49.00 | |
| 100 | @a20070119d2006 em y0chiy0120 ea | |
| 101 | 0 | @achi |
| 102 | @aCN@b110000 | |
| 105 | @ay z 000yy | |
| 106 | @ar | |
| 200 | 1 | @a食品原料学@9Shi;Si Pin Yuan Liao Xue @f徐幸莲,彭增起,邓尚贵主编@b专著 |
| 210 | @a北京@c中国计量出版社@d2006 | |
| 215 | @a480页@d26cm | |
| 300 | @a“十一五”高等学校通用教材(食品类) | |
| 330 | @a本书以食品原料的生产消费、物理特性、化学组成、加工特性和利用、品质检验和质量标准、贮藏管理为主线,系统介绍了主要食品原料——水、粮食、油脂、畜产、果蔬、水产等基础知识。 | |
| 606 | 0 | @a食品@x原料@x高等学校@j教材 |
| 690 | @aTS202.1@v4 | |
| 701 | 0 | @a徐幸莲@c(女,@f1962.5~)@4主编@9xu xing lian |
| 701 | 0 | @a彭增起@4主编@9peng zeng qi |
| 701 | 0 | @a邓尚贵@f(1966~)@4主编@9deng shang gui |
| 801 | 0 | @aCN@bAZmarc@c20230901 |
| 905 | @aBZT@dTS202@e76@f2@sTS202/76 | |
| 食品原料学/徐幸莲,彭增起,邓尚贵主编.-北京:中国计量出版社,2006 |
| 480页;26cm |
| “十一五”高等学校通用教材(食品类) |
| ISBN 978-7-5026-2551-1:CNY49.00 |
| 本书以食品原料的生产消费、物理特性、化学组成、加工特性和利用、品质检验和质量标准、贮藏管理为主线,系统介绍了主要食品原料——水、粮食、油脂、畜产、果蔬、水产等基础知识。 |
| ● |
| 相关链接 |
|
|
|
正题名:食品原料学
索取号:TS202/76
 
预约/预借
| 序号 | 登录号 | 条形码 | 馆藏地/架位号 | 状态 | 备注 |
| 1 | 2000013185 | 2000013185 | 旧书回溯/ [索取号:TS202/76] | 在馆 | |
| 2 | 2000013186 | 2000013186 | 旧书回溯/ [索取号:TS202/76] | 在馆 |